000 00629nam a2200205 u 4500
005 20240228064010.0
008 100518s2005 mx r 000 0 spa d
020 _a9707551356
035 _aUPN01000175923
049 _aI
050 4 _aPR2900
_bF5.8
100 1 _aFischel, Emma
245 1 0 _aWilliam Shakespeare /
_cEmma Fischel ; il. Martin Kemphrey ; tr. Nora Casasús.
260 _aMéxico :
_bSomos Niños,
_c2005.
300 _a47 p. :
_bprincipalmente il.
440 0 _aGente famosa vidas famosas
650 4 _aLibros y lectura para niños
_92290
600 1 4 _aSHAKESPEARE, WILLIAM,
_d1564-1616
905 _aInfantil
999 _c148026
_d148026